Country report, gender equality How are EU rules transposed into national law?: Sweden 2020 /

Detalles Bibliográficos
Autor principal: Votinius, Jenny Julen
Formato: eBook
Lenguaje:inglés
Publicado: Bruselas: European Union Publications Office, 2020
Materias:
Acceso en línea:Acceso restringido

MARC

LEADER 00000nam a22000007a 4500
005 20210907212049.0
007 cr|||| ||||
008 210907s2020 eu |||||s|||| 00||0 eng d
020 |a 978-92-76-19192-6 
035 |a 34595 
040 |a vLex 
090 |c 12297  |d 12297 
100 1 |a Votinius, Jenny Julen 
245 1 0 |a Country report, gender equality  |h [Recurso electrn̤ico] :  |b How are EU rules transposed into national law?: Sweden 2020 /  |c Jenny Julen Votinius 
256 |a Servicio en ln̕ea 
260 |a Bruselas:  |b European Union Publications Office,  |c 2020 
300 |a 1 recurso electrn̤ico 
506 1 |a Disponible solo en los productos indicados  |d vLex Global  |d vLex Global (Academic Edition, excluding Law Schools)  |d vLex Global (U.S. Academic Edition, Law Schools)  |d vLex Global (U.S. Academic Edition, excluding Law Schools)  |d vLex Global (Academic Edition, Law Schools) 
650 0 4 |a Derecho Comunitario  |z Unin̤ Europea 
740 0 |a vLex Libros (Servicio en ln̕ea) 
856 4 0 |u https://app.vlex.com/#/sources/34595  |z Acceso restringido 
942 |c BOOK 
999 0 |a Community Law